Democracy and Education. (Record no. 2793)

MARC details
000 -LEADER
fixed length control field 00547nam a22001937a 4500
003 - CONTROL NUMBER IDENTIFIER
control field OSt
005 - DATE AND TIME OF LATEST TRANSACTION
control field 20151202190536.0
008 - FIXED-LENGTH DATA ELEMENTS--GENERAL INFORMATION
fixed length control field 151202b xxu||||| |||| 00| 0 eng d
020 ## - INTERNATIONAL STANDARD BOOK NUMBER
International Standard Book Number 0684836319
040 ## - CATALOGING SOURCE
Transcribing agency DDC.
082 ## - DEWEY DECIMAL CLASSIFICATION NUMBER
Classification number 370.1DEW 1944.
100 ## - MAIN ENTRY--PERSONAL NAME
Personal name Dewey John;
9 (RLIN) 6461
245 ## - TITLE STATEMENT
Title Democracy and Education.
Remainder of title An Introduction to the Philosophy of Education.
260 ## - PUBLICATION, DISTRIBUTION, ETC. (IMPRINT)
Place of publication, distribution, etc. New York.
Name of publisher, distributor, etc. The free Press,
Date of publication, distribution, etc. 1944.
300 ## - PHYSICAL DESCRIPTION
Extent vi,378p;
Other physical details ill;
Dimensions 22cm
504 ## - BIBLIOGRAPHY, ETC. NOTE
Bibliography, etc includes index.
650 ## - SUBJECT ADDED ENTRY--TOPICAL TERM
Topical term or geographic name as entry element Philosophy of Education.
9 (RLIN) 6462
942 ## - ADDED ENTRY ELEMENTS (KOHA)
Source of classification or shelving scheme Dewey Decimal Classification
Koha item type Short Loan
Holdings
Withdrawn status Lost status Source of classification or shelving scheme Damaged status Not for loan Home library Current library Date acquired Source of acquisition Inventory number Total Checkouts Full call number Barcode Date last seen Price effective from Koha item type
    Dewey Decimal Classification     MUST Main Library MUST Main Library 02/12/2015   02/17352   370.1DEW 1944. 2015-2903 02/12/2015 02/12/2015 Short Loan
    Dewey Decimal Classification     MUST Main Library MUST Main Library 22/04/2016   02/17353   370.1DEW 1944. 2016-1158 22/04/2016 22/04/2016 Short Loan
    Dewey Decimal Classification     MUST Main Library MUST Main Library 22/04/2016   2001/15823   370.1DEW 1944. 2016-1183 22/04/2016 22/04/2016 Short Loan
    Dewey Decimal Classification     MUST Main Library MUST Main Library 22/04/2016   02/17351   370.1DEW 1944. 2016-1184 22/04/2016 22/04/2016 Short Loan
    Dewey Decimal Classification     MUST Main Library MUST Main Library 22/04/2016   2001/15822   370.1DEW 1944. 2016-1185 22/04/2016 22/04/2016 Short Loan